000 00426nam a2200133Ia 4500
008 151001s9999||||xx |||||||||||||| ||und||
100 _aविष्णू नारायण भातखंडे
245 _aहिंदुस्थानी संगीत पध्दती
250 _a4
260 _bमालीनिबाई सुकथनकर
260 _c1942
300 _a743
365 _b21
999 _c976519
_d976516